Miasta na literę C,Ć - Statystyki

Ogólne statystyki
  • Ten quiz został rozwiązany 40 razy
  • Średni wynik to 10 z 20
Statystyki odpowiedzi
Podpowiedź Miasto % Poprawnych
Jasna Góra Częstochowa
97%
Na granicy polsko-czeskiej Cieszyn
89%
Słynie z wybuchu elektrowni Czarnobyl
86%
Tam śląskie planetarium Chorzów
77%
Słynie z uniwersytetu w Anglii Cambridge
66%
Między Sydney a Melbourne Canberra
66%
Stolica Wenezueli Caracas
66%
Stolica Walii Cardiff
66%
Główny ośrodek Polonii w Polsce Chicago
63%
Koło Warszawy Ciechanów
63%
Miasto w USA nazwane na część Kolumba Columbus
51%
Dwie bitwy Polski z Turcją Chocim
37%
Śląskie górnicze miasto Czeladź
34%
W Ohio Cincinatti
23%
Stolica Wyoming Cheyenne
20%
Na Wyspie Południowej (Nowa Zelandia) Christchurch
20%
W województwie śląskim Czerwionka-Leszczyny
20%
Indyjskie miasto, metropolia Ćennaj
17%
Była stolica Czarnogóry Cetynia
14%
Chińskie miasto Czongqing
3%
Nie znaleziono quizów pasujących do podanych kryteriów
Rozkład punktacji
Procent ludzi z każdym wynikiem
Percentyl według liczby udzielonych odpowiedzi
Twoja historia wyników
Nie rozwiązałeś tego quizu